Countries with Orange on their Flags - Statistics

General Stats
  • This quiz has been taken 131 times
  • The average score is 5 of 13
Answer Stats
Answer % Correct
Ireland
84%
India
77%
Côte d'Ivoire
72%
Niger
53%
Bhutan
50%
Armenia
38%
Sri Lanka
35%
Cyprus
27%
Zambia
23%
Marshall Islands
20%
Germany
13%
Timor-Leste
11%
Comoros
7%
No matching quizzes found
Score Distribution
Percent of People with Each Score
Percentile by Number Answered
Your Score History
You have not taken this quiz